Piłka nożna - Premier League kółko i krzyżyk vol.8 - Statystyki

Ogólne statystyki
  • Ten quiz został rozwiązany 903 razy
  • Średni wynik to 7 z 9
Statystyki odpowiedzi
Hint Odpowiedź % Poprawnych
LFC/Brazylia Arthur | Alisson | Fabinho | Firmino | Coutinho | Doni | Diego Cavalieri | Lucas | Aurelio
96%
City/Brazylia Savinho | Ederson | Danilo | Jesus | Fernando | Fernandinho | Maicon | Sylvinho | Glauber | Jo | Robinho | Elano | Geovanni
94%
MUFC/Brazylia Casemiro | Antony | Telles | Fred | Pereira | Fabio | Anderson | Rafael | Kleberson
90%
MUFC/Argentyna Martinez | Garnacho | Romero | Di Maria | Rojo | Tevez | Heinze | Veron
90%
City/Argentyna Perrone | Alvarez | Maffeo | Otamendi | Caballero | Zuculini | Demichelis | Aguero | Tevez | Zabaleta
88%
LFC/Argentyna Mac Allister | Maxi | Leto | Mascherano | Insua | Pellegrino
80%
MUFC/Chile Sanchez
73%
City/Chile Bravo | Pizzaro
45%
LFC/Chile Gonzalez
5%
Nie znaleziono quizów pasujących do podanych kryteriów
Rozkład punktacji
Procent ludzi z każdym wynikiem
Percentyl według liczby udzielonych odpowiedzi
Twoja historia wyników
Nie rozwiązałeś tego quizu